| Tag |
First Indicator |
Second Indicator |
Subfields |
| LEADER |
00000cam a2200000Ii 4500 |
| 001 |
in00004064421 |
| 005 |
20211120102414.0 |
| 007 |
cr cn||||||||| |
| 008 |
160421s2006 mdu ot f000 0 eng d |
| 024 |
8 |
|
|a GOVPUB-C13-2f6f997cfd30db7abbd103277dad7a05
|
| 035 |
|
|
|a (OCoLC)ocn947049458
|
| 040 |
|
|
|a NBS
|b eng
|e rda
|e pn
|c NBS
|d GPO
|d MvI
|d UtOrBLW
|
| 049 |
|
|
|a WWW
|
| 074 |
|
|
|a 0247-D (online)
|
| 086 |
0 |
|
|a C 13.58:7386
|
| 100 |
1 |
|
|a Lubell, Joshua.
|
| 245 |
1 |
0 |
|a Long term knowledge retention workshop summary /
|c Joshua Lubell; Sudarsan Rachuri; Eswaran Subrahmanian; William Regli.
|
| 264 |
|
1 |
|a Gaithersburg, MD :
|b U.S. Dept. of Commerce, National Institute of Standards and Technology,
|c 2006.
|
| 300 |
|
|
|a 1 online resource.
|
| 336 |
|
|
|a text
|b txt
|2 rdacontent
|
| 337 |
|
|
|a computer
|b c
|2 rdamedia
|
| 338 |
|
|
|a online resource
|b cr
|2 rdacarrier
|
| 490 |
1 |
|
|a NISTIR ;
|v 7386
|
| 500 |
|
|
|a 2006.
|
| 500 |
|
|
|a Contributed record: Metadata reviewed, not verified. Some fields updated by batch processes.
|
| 500 |
|
|
|a Title from PDF title page.
|
| 504 |
|
|
|a Includes bibliographical references.
|
| 700 |
1 |
|
|a Lubell, Joshua.
|
| 700 |
1 |
|
|a Rachuri, Sudarsan.
|
| 700 |
1 |
|
|a Regli, William.
|
| 700 |
1 |
|
|a Subrahmanian, Eswaran.
|0 http://id.loc.gov/authorities/names/n2005040153
|
| 710 |
2 |
|
|a National Institute of Standards and Technology (U.S.)
|0 http://id.loc.gov/authorities/names/n88112126
|
| 830 |
|
0 |
|a NISTIR ;
|v 7386.
|0 http://id.loc.gov/authorities/names/n88507971
|
| 856 |
4 |
0 |
|u https://purl.fdlp.gov/GPO/gpo96284
|t 0
|
| 999 |
f |
f |
|s a47a9330-25c0-31eb-a537-bf0021342dca
|i 87a6fc8d-3aeb-3ee1-853a-75316a0470e6
|t 0
|
| 952 |
f |
f |
|a Texas A&M University
|b College Station
|c Electronic Resources
|d Available Online
|t 0
|e C 13.58:7386
|h Superintendent of Documents classification
|
| 998 |
f |
f |
|a C 13.58:7386
|t 0
|l Available Online
|